Central Library OPAC University of Rajshahi

Techniques of social research / (Record no. 35392)

MARC details
000 -LEADER
fixed length control field 00588nam a22002057a 4500
001 - CONTROL NUMBER
control field 35392
003 - CONTROL NUMBER IDENTIFIER
rucl marc code BD-RjUL
005 - DATE AND TIME OF LATEST TRANSACTION
control field 20211209052319.0
008 - FIXED-LENGTH DATA ELEMENTS--GENERAL INFORMATION
fixed length control field 140524s1980 i ||||| |||| 00| 0 eng d
035 ## - SYSTEM CONTROL NUMBER
System control number (BD-RjUL)35486
040 ## - CATALOGING SOURCE
Original cataloging agency BD-RjUL
Language of cataloging eng
Transcribing agency BD-RjUL
Modifying agency BD-RjUL
041 ## - LANGUAGE CODE
Language code of text/sound track or separate title eng
082 ## - DEWEY DECIMAL CLASSIFICATION NUMBER
Author mark and year AGT 1980
Classification number 300.723
100 1# - MAIN ENTRY--PERSONAL NAME
Personal name Agnihotri, Vidyahhar
9 (RLIN) 107791
245 ## - TITLE STATEMENT
Title Techniques of social research /
Statement of responsibility, etc. Vidyahhar Agnihotri,
260 ## - PUBLICATION, DISTRIBUTION, ETC. (IMPRINT)
Place of publication, distribution, etc. NewDelhi :
Name of publisher, distributor, etc. M.N.Publishing,
Date of publication, distribution, etc. 1980.
300 ## - PHYSICAL DESCRIPTION
Pagination vi, 96 p. ;
Size 22 cm.
650 ## - SUBJECT ADDED ENTRY--TOPICAL TERM
Topical term or geographic name as entry element SOCIAL RESEARCH METHODOLOGY
9 (RLIN) 108785
942 ## - ADDED ENTRY ELEMENTS (KOHA)
Source of classification or shelving scheme Dewey Decimal Classification
Koha item type Books
Holdings
Lost status Source of classification or shelving scheme Damaged status Not for loan Collection code Permanent Location Current Location Shelving location Date acquired Source of acquisition Cost, normal purchase price Total Checkouts Full call number Date last seen Copy number Koha item type
  Dewey Decimal Classification   Not For Loan Non-fiction Central Library, University of Rajshahi Central Library, University of Rajshahi Reading Room 05/12/1983 Not Fount. 0.00   300.723 AGT 1980 24/05/2014 C-1 Books